Approaches to social accounting matrix (SAM) for a developing economy (Record no. 501291)

000 -LEADER
fixed length control field 00471cam a22001337a 4500
008 - FIXED-LENGTH DATA ELEMENTS--GENERAL INFORMATION
fixed length control field 180718b1983 xxu||||| |||| 00| 0 eng d
082 ## - DEWEY DECIMAL CLASSIFICATION NUMBER
Classification number APPPA 82-83 MAH
100 ## - MAIN ENTRY--PERSONAL NAME
Personal name Malhan, Ramesh Chandra
245 ## - TITLE STATEMENT
Title Approaches to social accounting matrix (SAM) for a developing economy
Statement of responsibility, etc. by Ramesh Chandra Malhan
260 ## - PUBLICATION, DISTRIBUTION, ETC.
Place of publication, distribution, etc. New Delhi
Name of publisher, distributor, etc. Indian Institute of Public Administration
Date of publication, distribution, etc. 1983
300 ## - PHYSICAL DESCRIPTION
Extent 117p.
650 ## - SUBJECT ADDED ENTRY--TOPICAL TERM
Topical term or geographic name entry element Developing economy
650 ## - SUBJECT ADDED ENTRY--TOPICAL TERM
Topical term or geographic name entry element Social accounting matrix (SAM)
Holdings
Withdrawn status Lost status Damaged status Not for loan Permanent Location Current Location Date acquired Full call number Barcode Date last seen Price effective from Koha item type
        Indian Institute of Public Administration Indian Institute of Public Administration 2018-08-04 APPPA 82-83 MAH GR11156 2018-08-04 2018-08-04 GR

Powered by Koha